| 000 | 00360nam a2200145Ia 4500 | ||
|---|---|---|---|
| 008 | 150201s2007 xx 000 0 und d | ||
| 082 |
_a617.695 _bB2007M |
||
| 100 | _aMANAPPALLIL | ||
| 245 | _aBASIC DENTAL MATERIALS | ||
| 250 | _a2ND | ||
| 260 |
_bJAYPEE MEDICAL PUBLISHER _aDELHI _c2007 |
||
| 300 | _a1-436 | ||
| 650 | _aDENTAL MATERIAL | ||
| 942 |
_2ddc _cBK _02 |
||
| 999 |
_c3947 _d3947 |
||